000 00919nam a22002777a 4500
001 10108
003 FISKH
005 20260410124924.0
008 260410b cb ||||| |||| 00| 0 eng d
020 _a9780744582703
040 _aFISKH
_beng
_cFISKH
_dFISKH
050 _aPZ7
082 _a823.914
100 _aFine, Anne
_eAuthor
245 _aCare of Henry /
_cAnne Fine ; illustrated by Paul Howard
260 _aLondon :
_bWalker Books ,
_c1997
300 _a59 pages :
_billustrations ;
_c20 cm
505 _aP
520 _aHugo has to choose who to stay with while his mum's having a baby. Who will care for him and his dog Henry the best? Will it be Granny? Mrs Mariposa next door? Or Uncle Jack?
521 8 _a600
_bLexile
521 8 _aP
_bRaz-Plus
650 _aAnimal fiction
_vEarly chapter book
700 _aHoward, Paul
_eIllustrator
942 _2ddc
_cBK
_n0
999 _c10108
_d10108